MARC

LEADER 00000nam0a2200000 4500
001 300669
005 20231102001326.0
020 |a RU  |b 80-66872 
035 |a (RuTPU)RU\TPU\book\325822 
090 |a 300669 
100 |a 20150714d1982 km y0rusy5003 ca 
101 0 |a rus 
102 |a UA 
105 |a a z 001zy 
200 1 |a Системный анализ промышленного производства  |e сборник научных трудов  |f Академия наук Украинской ССР (АН УССР), Институт кибернетики (ИК) ; под ред. В. И. Скурихина 
210 |a Киев  |c Изд-во ИК АН УССР  |d 1982 
215 |a 109 с.  |c ил. 
606 1 |a Системный анализ автоматизированный  |2 stltpush  |3 (RuTPU)RU\TPU\subj\54982  |9 73055 
610 1 |a промышленное производство 
610 1 |a АСУП 
610 1 |a экономико-математические методы 
610 1 |a экономико-математические модели 
610 1 |a календарное планирование 
610 1 |a оперативное управление 
610 1 |a управление запасами 
610 1 |a технологические операции 
610 1 |a агрегации 
675 |a 658.012.122  |z rus  |v 3 
702 1 |a Скурихин  |b В. И.  |g Владимир Ильич  |4 340 
712 0 2 |a Академия наук Украинской ССР (АН УССР)  |b Институт кибернетики (ИК)  |c (Киев)  |c (1962-1991)  |2 stltpush  |3 (RuTPU)RU\TPU\col\11437 
801 0 |a RU  |b RuMRKP  |c 19950704  |g psbo 
801 1 |a RU  |b 63413507  |c 20150714 
801 2 |a RU  |b 63413507  |c 20180614  |g RCR 
942 |c BK